50 World Cities Furthest from a Larger City - Statistics

General Stats
  • This quiz has been taken 1,521 times
  • The average score is 33 of 50
Answers on the Map
Answers color-coded by a green-red scale on the quiz's map according to % correct below.
 
Answer Stats
Country D (km) Lat Lon Pop City % Correct
Mexico 11,319 19.44244244 -99.1309882 22,100,000 Mexico City
99%
United Kingdom 2,508 51.49999473 -0.116721844 14,400,000 London
98%
Russia 4,177 55.75216412 37.61552283 16,900,000 Moscow
98%
Egypt 2,899 30.04996035 31.24996822 16,800,000 Cairo
97%
United States 2,479 33.98997825 -118.1799805 17,600,000 Los Angeles
97%
United States 3,360 40.74997906 -73.98001693 22,000,000 New York
97%
Australia 5,380 -33.92001097 151.1851798 4,900,000 Sydney
97%
Japan 2,903 35.68501691 139.7514074 39,500,000 Tokyo
97%
Brazil 7,423 -23.55867959 -46.62501998 21,800,000 São Paulo
96%
India 3,654 28.6699929 77.23000403 26,400,000 Delhi
95%
Indonesia 3,319 -6.174417705 106.8294376 28,100,000 Jakarta
95%
Peru 3,130 -12.04801268 -77.05006209 9,950,000 Lima
95%
South Africa 4,483 -26.17004474 28.03000972 13,400,000 Johannesburg
94%
Colombia 1,869 4.596423563 -74.08334396 9,350,000 Bogotá
93%
Nigeria 6,366 6.443261653 3.391531071 17,100,000 Lagos
93%
United States 1,484 25.7876107 -80.22410608 6,100,000 Miami
93%
Iran 1,913 35.67194277 51.42434403 13,700,000 Tehran
93%
Australia 2,729 -31.95501463 115.8399987 2,075,000 Perth
92%
New Zealand 2,161 -36.850013 174.7649808 1,470,000 Auckland
91%
Thailand 1,533 13.74999921 100.5166447 16,900,000 Bangkok
91%
Argentina 1,674 -34.60250161 -58.39753137 15,800,000 Buenos Aires
91%
China 40,000 23.1449813 113.3250101 47,700,000 Guangzhou
90%
United States 3,852 21.30687644 -157.8579979 1,000,000 Honolulu
90%
Bangladesh 1,425 23.72305971 90.40857947 17,600,000 Dhaka
88%
Democratic Republic of the Congo 1,781 -4.329724102 15.31497188 10,600,000 Kinshasa
85%
United States 2,134 61.21806 -149.90028 291,826 Anchorage
84%
Senegal 1,800 14.71583173 -17.47313013 3,300,000 Dakar
84%
Sudan 1,606 15.58807823 32.53417924 5,550,000 Khartoum
83%
Tanzania 2,453 -6.800012595 39.26834184 5,300,000 Dar es Salaam
82%
Papua New Guinea 2,086 -9.44314 147.17972 283,733 Port Moresby
77%
Madagascar 1,610 -18.91663735 47.5166239 2,225,000 Antananarivo
76%
Denmark 1,437 64.18347 -51.72157 14,798 Nuuk
74%
Brazil 1,630 -8.075645326 -34.91560551 3,775,000 Recife
62%
China 1,692 43.80501223 87.57500565 3,625,000 Ürümqi
62%
Solomon Islands 1,402 -9.43333 159.95 56,298 Honiara
47%
Kiribati 1,871 1.3278 172.97696 40,311 Tarawa
35%
France 1,457 -22.27631 166.4572 93,060 Noumea
25%
Russia 1,512 53.04444 158.65076 187,282 Petropavlovsk-Kamchatsky
23%
United Kingdom 2,429 -37.06757 -12.31155 271 Edinburgh of the Seven Seas
20%
Russia 1,492 64.73424 177.5103 10,332 Anadyr
13%
Chile 3,530 -27.11124 -109.35053 4,000 Hanga Roa
13%
United Kingdom 1,917 -15.93872 -5.71675 637 Jamestown
13%
United States 2,039 15.21233 145.7545 48,220 Saipan
13%
France 2,409 -17.55 -149.6 29,851 Faaa
10%
United Kingdom 1,455 -54.28111 -36.5092 2 Grytviken
10%
United States 3,482 -77.846 166.676 1,258 McMurdo Station
9%
France 3,345 -49.35 70.21667 45 Port-aux-Francais
9%
France 1,536 -23.12028 -134.96917 1,103 Rikitea
3%
France 1,401 -9.8 -139.03333 1,762 Atuona
2%
Kiribati 1,895 2.01643 -157.48773 1,881 Tabwakea Village
1%
No matching quizzes found
Score Distribution
Percent of People with Each Score
Percentile by Number Answered
Your Score History
You have not taken this quiz